Normal view
MARC view
- World politics
Entry Topical Term
001 - CONTROL NUMBER
- control field: 129218
003 - CONTROL NUMBER IDENTIFIER
- control field: NUST
005 - DATE AND TIME OF LATEST TRANSACTION
- control field: 20250625164019.0
008 - FIXED-LENGTH DATA ELEMENTS
- fixed length control field: 250625|| aca||aabn | a|a d
040 ## - CATALOGING SOURCE
- Original cataloging agency: NUST
- Transcribing agency: NUST
150 ## - HEADING--TOPICAL TERM
- Topical term or geographic name entry element: World politics
- Chronological subdivision: 1955-
670 ## - SOURCE DATA FOUND
- Source citation: Work cat.: (NUST)0: Tudor, Margot, 1995- author. 129216, Blue helmet bureaucrats :
